[Event "TCh-TUR Super League 2018"]
[Site "Ankara TUR"]
[Date "2018.07.30"]
[Round "7.4.4"]
[White "Salepci, Osman Firat"]
[Black "Esen, Baris"]
[Result "0-1"]
[BlackTitle "GM"]
[WhiteElo "2082"]
[BlackElo "2487"]
[WhiteTeam "ROTA KOLEJI SPOR KULUBU DERNEGI"]
[BlackTeam "HATAY BUYUKSEHIR BELEDIYESI GENCLIK SPOR KULUBU"]
[WhiteFideId "6302343"]
[BlackFideId "6302114"]
[EventDate "2018.07.25"]

1. e4 c5 2. c3 d5 3. exd5 Qxd5 4. d4 Nf6 5. Nf3 e6 6. Be3 cxd4 7. cxd4 Be7 8.
Nc3 Qd8 9. Bd3 O-O 10. Ne5 Bd7 11. Qf3 Nc6 12. Rd1 Nb4 13. Bb1 Nbd5 14. Nxd5
Nxd5 15. O-O Bb5 16. Rfe1 Bb4 17. Qh3 g6 18. Qh6 Bxe1 19. Rxe1 Nxe3 20. Rxe3
Qxd4 21. Bd3 Bxd3 22. Rh3 g5 23. Nxd3 Qg7 24. Qh5 Rfd8 25. Rg3 Rd5 26. Nf4 Qxb2
27. Rxg5+ Rxg5 28. Qxg5+ Qg7 0-1

[Event "TCh-TUR Super League 2018"]
[Site "Ankara TUR"]
[Date "2018.07.30"]
[Round "7.4.6"]
[White "Kilic, Efe Mert"]
[Black "Alekseenko, Kirill"]
[Result "0-1"]
[WhiteTitle "FM"]
[BlackTitle "GM"]
[WhiteElo "2317"]
[BlackElo "2627"]
[WhiteTeam "ROTA KOLEJI SPOR KULUBU DERNEGI"]
[BlackTeam "HATAY BUYUKSEHIR BELEDIYESI GENCLIK SPOR KULUBU"]
[WhiteFideId "6354327"]
[BlackFideId "4135539"]
[EventDate "2018.07.25"]

1. e4 c5 2. Nf3 Nc6 3. b3 e5 4. Bb2 d6 5. Bc4 g6 6. Nc3 Bg7 7. Nd5 Nge7 8. Qe2
a6 9. a4 O-O 10. O-O Nxd5 11. Bxd5 Nb4 12. Ne1 Nxd5 13. exd5 Re8 14. a5 b5 15.
axb6 Qxb6 16. Ra3 c4 17. d3 c3 18. Bxc3 Qc5 19. Bb2 Qxd5 20. Qe4 Qb7 21. Qxb7
Bxb7 22. c4 d5 23. Nc2 Bf8 24. Ra5 Rad8 25. Ba3 dxc4 26. dxc4 Rd2 27. Bxf8 Kxf8
28. Ne3 Rb2 29. Rd1 Rxb3 30. h3 e4 31. Rd7 Re7 32. Rd8+ Kg7 33. Rd6 Rc7 34. g4
Rd3 35. Rb6 Rcd7 36. Kg2 R3d6 37. Rxd6 Rxd6 38. Kg3 h6 39. h4 Kf8 40. g5 h5 41.
c5 Rd2 42. c6 Bc8 43. Rd5 Rd3 44. Kf4 Ke7 45. Rc5 Kd6 46. Rc2 Rd4 47. c7 Rb4 48.
Rd2+ Kc6 49. Rc2+ Kb7 50. Ke5 Be6 51. Nd5 Rb5 52. c8=Q+ Bxc8 53. Kd6 Kb8 54. Nc7
Rb6+ 55. Ke7 Bf5 56. Nd5 Rb7+ 57. Kd6 e3 58. Re2 exf2 59. Rxf2 Be6 60. Nf4 Rb6+
61. Kc5 Rb5+ 62. Kc6 Bc8 63. Nd3 Bb7+ 0-1

[Event "TCh-TUR Super League 2018"]
[Site "Ankara TUR"]
[Date "2018.07.30"]
[Round "7.5.1"]
[White "Ali Marandi, Cemil Can"]
[Black "Kravtsiv, Martyn"]
[Result "1/2-1/2"]
[WhiteTitle "GM"]
[BlackTitle "GM"]
[WhiteElo "2540"]
[BlackElo "2654"]
[WhiteTeam "BURSA BUYUKSEHIR BELEDIYESPOR KULUBU"]
[BlackTeam "KARAMAN BELEDIYE SPOR KULUBU"]
[WhiteFideId "6300529"]
[BlackFideId "14113147"]
[EventDate "2018.07.25"]

1. e4 e5 2. Nf3 Nc6 3. Nc3 Nf6 4. d4 exd4 5. Nxd4 Bb4 6. Nxc6 bxc6 7. Bd3 O-O 8.
O-O d5 9. exd5 cxd5 10. Bg5 c6 11. Qf3 Rb8 12. Ne2 Bg4 13. Bxf6 Bxf3 14. Bxd8
Bxe2 15. Bxe2 Rfxd8 16. Rfd1 Be7 17. Rab1 Bf6 18. b3 Bc3 19. Rd3 d4 20. Rf3 g6
21. Bc4 Rb7 22. Rd1 Re8 23. g3 Kg7 24. Kg2 Re5 25. a4 c5 26. Bd3 Rbe7 27. Bc4
Ba5 28. h3 h5 29. Kf1 f5 30. Kg2 Kh6 31. Bd3 Kg5 32. g4 hxg4 33. hxg4 fxg4 34.
Rf8 Be1 35. Kf1 Bb4 36. Kg2 Rh7 37. Rg8 Re6 38. Rf1 Rh4 39. f4+ gxf3+ 40. Rxf3
Rg4+ 41. Kh3 Rh4+ 42. Kg2 Rg4+ 43. Kh3 Rh4+ 1/2-1/2

[Event "TCh-TUR Super League 2018"]
[Site "Ankara TUR"]
[Date "2018.07.30"]
[Round "7.5.2"]
[White "Baryshpolets, Andrey"]
[Black "Haznedaroglu, Kivanc"]
[Result "1/2-1/2"]
[WhiteTitle "GM"]
[BlackTitle "GM"]
[WhiteElo "2603"]
[BlackElo "2472"]
[WhiteTeam "KARAMAN BELEDIYE SPOR KULUBU"]
[BlackTeam "BURSA BUYUKSEHIR BELEDIYESPOR KULUBU"]
[WhiteFideId "14117207"]
[BlackFideId "6300634"]
[EventDate "2018.07.25"]

1. d4 d5 2. c4 c6 3. Nf3 Nf6 4. Nc3 e6 5. Qd3 dxc4 6. Qxc4 b5 7. Qd3 Be7 8. a3
a5 9. e4 Ba6 10. Qc2 b4 11. Bxa6 Nxa6 12. Na4 O-O 13. O-O Qb8 14. Bg5 Qb5 15.
Rfc1 Rac8 16. axb4 Nxb4 17. Qb1 Rfd8 18. Nc5 h6 19. Bh4 g5 20. e5 Nh5 21. Bg3
Ng7 22. Qe4 Bxc5 23. Rxc5 Qd3 24. Re1 Rd5 25. Rc3 Qxe4 26. Rxe4 Rb5 27. h4 Nd5
28. Ra3 Nf5 29. hxg5 h5 30. Bf4 Rxb2 31. Bd2 Ra8 32. Rxa5 Rxa5 33. Bxa5 Kg7 34.
Re1 Ra2 35. Bd8 Nf4 36. Rd1 h4 37. Kf1 h3 38. gxh3 Nxh3 39. Rd2 Rxd2 40. Nxd2
Nxd4 41. Kg2 Nf4+ 42. Kg3 Nd3 43. f4 Kg6 44. Nc4 Nb4 45. Bb6 Nf5+ 46. Kf3 Nd5
47. Bf2 Nfe7 48. Bc5 Nf5 49. Kg4 Ng7 50. Be3 Nf5 51. Bc5 Ng7 1/2-1/2

[Event "TCh-TUR Super League 2018"]
[Site "Ankara TUR"]
[Date "2018.07.30"]
[Round "7.5.5"]
[White "Savina, Anastasia"]
[Black "Mammadzada, Gunay"]
[Result "1-0"]
[WhiteTitle "IM"]
[BlackTitle "IM"]
[WhiteElo "2342"]
[BlackElo "2426"]
[WhiteTeam "BURSA BUYUKSEHIR BELEDIYESPOR KULUBU"]
[BlackTeam "KARAMAN BELEDIYE SPOR KULUBU"]
[WhiteFideId "4196872"]
[BlackFideId "13403729"]
[EventDate "2018.07.25"]

1. Nf3 d5 2. c4 c6 3. e3 Nf6 4. Nc3 a6 5. Qc2 g6 6. d4 Bg7 7. Bd3 Bg4 8. Ne5 Be6
9. c5 Nbd7 10. f4 O-O 11. Bd2 Qc8 12. Na4 Rb8 13. h3 Qc7 14. Nf3 Rfe8 15. g4 Ne4
16. Bxe4 dxe4 17. Ng5 Bd5 18. Rg1 Nf6 19. h4 h6 20. Nh3 Qd7 21. Nb6 Qd8 22.
O-O-O e6 23. Nf2 h5 24. g5 Nd7 25. Ba5 Nxb6 26. Bxb6 Qd7 27. Kb1 Re7 28. Nxe4
Bxe4 29. Qxe4 Qd5 30. Qc2 Qf3 31. Qd3 Rd7 32. Ba5 Re8 33. Qb3 Bf8 34. Ka1 Be7
35. Rgf1 Qg4 36. Rh1 Bf8 37. Rdf1 Bg7 38. a3 Ree7 39. Qc2 Qg3 40. Qe2 Qg4 41.
Qxg4 hxg4 42. Rfg1 f5 43. gxf6 Bxf6 44. Rxg4 Rg7 45. Ka2 Rd5 46. Kb3 Kf7 47. Bc7
Rh5 48. Be5 Rgh7 49. Bxf6 Kxf6 50. e4 b6 51. cxb6 Rb5+ 52. Kc3 Rxb6 53. Rg5 Rb8
54. h5 gxh5 55. Rhxh5 Rxh5 56. Rxh5 Rg8 57. Ra5 1-0

[Event "TCh-TUR Super League 2018"]
[Site "Ankara TUR"]
[Date "2018.07.30"]
[Round "7.5.7"]
[White "Cansun, Can Alp"]
[Black "Gulbeyaz, Emir"]
[Result "1/2-1/2"]
[WhiteElo "1894"]
[BlackElo "2074"]
[WhiteTeam "BURSA BUYUKSEHIR BELEDIYESPOR KULUBU"]
[BlackTeam "KARAMAN BELEDIYE SPOR KULUBU"]
[WhiteFideId "6390188"]
[BlackFideId "6377076"]
[EventDate "2018.07.25"]

1. e4 g6 2. d4 Bg7 3. Nc3 a6 4. f4 d6 5. Nf3 b5 6. Bd3 Nd7 7. e5 e6 8. O-O Ne7
9. a4 b4 10. Ne4 d5 11. Neg5 h6 12. Nh3 c5 13. c3 Nc6 14. g4 cxd4 15. cxd4 Qb6
16. Be3 h5 17. gxh5 Rxh5 18. Nfg5 Nf8 19. Qg4 Rh8 20. Qg2 Ne7 21. a5 Qb7 22.
Rfc1 Bd7 23. Qe2 Nh7 24. Nf2 Nf5 25. Bxf5 gxf5 26. Nf3 Nf8 27. Nd3 Bb5 28. Qd2
Ng6 29. Nxb4 Bh6 30. Ra3 Rg8 31. Kh1 Rb8 32. Rac3 Bc4 33. Nd3 Qb5 34. b3 Bxd3
35. Qxd3 Qxd3 36. Rxd3 Bxf4 37. Rdc3 Kf8 38. Bxf4 Nxf4 39. Rc8+ Kg7 40. Rg1+ Ng6
41. Rc7 Rgc8 42. Ra7 Ra8 43. Rb7 Rab8 44. Ra7 Ra8 45. Rb7 Rab8 46. Ra7 Ra8 47.
Rd7 Rd8 48. Rc7 Rdc8 49. Rgc1 Rxc7 50. Rxc7 Rb8 51. Ng5 Rxb3 52. Nxe6+ Kg8 53.
Rc8+ Kh7 54. Ng5+ Kg7 55. Rc7 Nh4 56. Kg1 Kg6 57. Nxf7 f4 58. e6 Rb1+ 59. Kf2
Rb2+ 60. Kf1 Rb1+ 61. Kf2 Rb2+ 62. Kf1 Rb1+ 63. Kf2 Rb2+ 64. Kf1 1/2-1/2

[Event "TCh-TUR Super League 2018"]
[Site "Ankara TUR"]
[Date "2018.07.30"]
[Round "7.6.1"]
[White "Abasov, Nijat"]
[Black "Cheparinov, Ivan"]
[Result "1/2-1/2"]
[WhiteTitle "GM"]
[BlackTitle "GM"]
[WhiteElo "2623"]
[BlackElo "2712"]
[WhiteTeam "GOKCEADA SPOR KULUBU"]
[BlackTeam "TURK HAVA YOLLARI (THY) SPOR KULUBU"]
[WhiteFideId "13402960"]
[BlackFideId "2905540"]
[EventDate "2018.07.25"]

1. d4 Nf6 2. Nf3 d5 3. c4 e6 4. Nc3 Bb4 5. Bg5 h6 6. Bxf6 Qxf6 7. e3 O-O 8. Rc1
dxc4 9. Bxc4 c5 10. dxc5 Nd7 11. c6 Ne5 12. Nxe5 Qxe5 13. Qb3 Ba5 14. Qb5 Qxb5
15. Bxb5 bxc6 16. Bd3 Rb8 17. b3 c5 18. Ke2 Bb7 19. f3 Bb4 20. Ne4 Bxe4 21. Bxe4
Rfd8 22. Rhd1 Kf8 23. Rxd8+ Rxd8 24. Rd1 Rxd1 25. Kxd1 Ke7 26. Ke2 Kd6 27. Kd3
Ba3 28. Kd2 Bb4+ 29. Kd3 Ba3 30. Kd2 Bb4+ 1/2-1/2

[Event "TCh-TUR Super League 2018"]
[Site "Ankara TUR"]
[Date "2018.07.30"]
[Round "7.6.2"]
[White "Salgado Lopez, Ivan"]
[Black "Ivic, Velimir"]
[Result "1-0"]
[WhiteTitle "GM"]
[BlackTitle "IM"]
[WhiteElo "2643"]
[BlackElo "2432"]
[WhiteTeam "TURK HAVA YOLLARI (THY) SPOR KULUBU"]
[BlackTeam "GOKCEADA SPOR KULUBU"]
[WhiteFideId "2257327"]
[BlackFideId "950122"]
[EventDate "2018.07.25"]

1. d4 Nf6 2. Bg5 d5 3. Nd2 c5 4. e3 Nc6 5. c3 e6 6. Ngf3 Be7 7. Bd3 b6 8. O-O
O-O 9. Ne5 Nxe5 10. dxe5 Nd7 11. Bxe7 Qxe7 12. f4 f6 13. exf6 Rxf6 14. e4 Bb7
15. e5 Rf7 16. Qg4 Raf8 17. h4 c4 18. Bc2 Qc5+ 19. Kh2 Qe3 20. Rae1 Qxd2 21. Re2
Qxc2 22. Rxc2 Rf5 23. h5 Nc5 24. Qh4 Nd3 25. Rcf2 g5 26. hxg6 hxg6 27. g4 g5 28.
Qh6 R5f7 29. Qg6+ 1-0

[Event "TCh-TUR Super League 2018"]
[Site "Ankara TUR"]
[Date "2018.07.30"]
[Round "7.6.3"]
[White "Kizilkaya, Mehmet"]
[Black "Dastan, Muhammed Batuhan"]
[Result "0-1"]
[WhiteTitle "CM"]
[BlackTitle "GM"]
[WhiteElo "2205"]
[BlackElo "2552"]
[WhiteTeam "GOKCEADA SPOR KULUBU"]
[BlackTeam "TURK HAVA YOLLARI (THY) SPOR KULUBU"]
[WhiteFideId "6301240"]
[BlackFideId "6300014"]
[EventDate "2018.07.25"]

1. e4 c5 2. c3 d5 3. exd5 Qxd5 4. d4 g6 5. Nf3 Bg7 6. Be3 Nf6 7. h3 O-O 8. Na3
cxd4 9. Bc4 Qh5 10. Nxd4 Bg4 11. Qb3 Na6 12. Ne2 Bc8 13. Nf4 Qa5 14. O-O Nc7 15.
Nb5 Nxb5 16. Qxb5 Qxb5 17. Bxb5 e5 18. Nd3 Nd5 19. Bc5 Rd8 20. Nb4 Be6 21. Ba4
Rac8 22. Nxd5 Rxc5 23. Ne3 Rd2 24. Bc2 Bh6 25. Rac1 Bxa2 26. Ng4 Bg5 27. Rfe1 e4
28. Nh2 f5 29. Nf1 Bc4 30. h4 Bxf1 31. Kxf1 Bxh4 32. Re2 Rd8 33. Rd1 Rxd1+ 34.
Bxd1 Bg5 35. Bb3+ Kg7 36. g3 Bc1 37. Bd1 Rd5 38. Ke1 a5 39. Rc2 Bg5 40. c4 Rd3
41. Re2 Be7 42. Ba4 b6 43. Kf1 Bb4 44. Bc6 Kf6 45. Kg2 h6 46. Be8 Bc5 47. Ba4
Rd4 48. Rc2 g5 49. Bc6 g4 50. Bd5 Ke5 51. Bf7 Rd3 52. Be8 Bd4 53. Ba4 Kf6 54.
Re2 Bc5 55. Be8 Kg5 56. Bc6 h5 57. Bd5 h4 58. gxh4+ Kxh4 59. Be6 Kg5 60. Bd5 Kf4
61. Bc6 g3 62. fxg3+ Rxg3+ 63. Kh2 Kf3 64. Rc2 Rg6 0-1

[Event "TCh-TUR Super League 2018"]
[Site "Ankara TUR"]
[Date "2018.07.30"]
[Round "7.6.5"]
[White "Injac, Teodora"]
[Black "Shuvalova, Polina"]
[Result "0-1"]
[WhiteTitle "WIM"]
[BlackTitle "WIM"]
[WhiteElo "2302"]
[BlackElo "2417"]
[WhiteTeam "GOKCEADA SPOR KULUBU"]
[BlackTeam "TURK HAVA YOLLARI (THY) SPOR KULUBU"]
[WhiteFideId "932400"]
[BlackFideId "24171760"]
[EventDate "2018.07.25"]

1. Nf3 Nf6 2. c4 e6 3. d4 b6 4. g3 Ba6 5. Qb3 d5 6. cxd5 Qxd5 7. Nc3 Qxb3 8.
axb3 Bb7 9. Bg2 a5 10. O-O Na6 11. Nb5 Bc6 12. Ne5 Bxg2 13. Kxg2 Ne4 14. Bf4 f6
15. Nd3 Kd7 16. Rfc1 Nd6 17. Bxd6 Bxd6 18. Rc4 Be7 19. Rd1 Rhc8 20. e4 c6 21.
Na3 Nb4 22. Rcc1 Nxd3 23. Rxd3 Rd8 24. Nc4 Kc7 25. Ne3 Kb7 26. Rcd1 Rd7 27. Kf3
Rad8 28. Ke2 g6 29. f4 f5 30. e5 b5 31. Nc2 Rg8 32. h4 Ra8 33. Kf3 Bd8 34. Ke2
Bb6 35. h5 g5 36. Ra1 gxf4 37. gxf4 Rg8 38. Rf1 c5 39. Na3 Kc6 40. Kf3 Rxd4 41.
Rxd4 cxd4 42. Rc1+ Bc5 43. Nc2 Kd5 44. Rd1 Rg7 45. Ne3+ Kc6 46. Nc2 Rd7 47. Ne1
Kd5 48. Nd3 Rc7 49. Nxc5 Rxc5 50. Ra1 d3 51. Ke3 d2 52. Kxd2 Ke4 53. Rxa5 Kxf4
54. Ra7 h6 55. Rg7 Rxe5 56. Rg6 Re3 57. Rxh6 e5 58. Rb6 Rxb3 59. Kc2 Rh3 60.
Rxb5 e4 61. b4 Rxh5 62. Rd5 Ke3 63. b5 Rh2+ 64. Kc3 f4 65. b6 f3 66. b7 Rh8 67.
Rb5 f2 68. Rb1 Rb8 0-1

[Event "TCh-TUR Super League 2018"]
[Site "Ankara TUR"]
[Date "2018.08.01"]
[Round "8.1.1"]
[White "Kravtsiv, Martyn"]
[Black "Abasov, Nijat"]
[Result "1/2-1/2"]
[WhiteTitle "GM"]
[BlackTitle "GM"]
[WhiteElo "2654"]
[BlackElo "2623"]
[WhiteTeam "KARAMAN BELEDIYE SPOR KULUBU"]
[BlackTeam "GOKCEADA SPOR KULUBU"]
[WhiteFideId "14113147"]
[BlackFideId "13402960"]
[EventDate "2018.07.25"]

1. Nf3 d5 2. g3 g6 3. Bg2 Bg7 4. d4 Nf6 5. O-O O-O 6. c4 c6 7. b3 a5 8. Nc3 Ne4
9. Bb2 Nxc3 10. Bxc3 Nd7 11. cxd5 cxd5 12. Ne5 e6 13. Rc1 b5 14. Qd2 b4 15. Bb2
Ba6 16. Nc6 Qb6 17. Rc2 Rfe8 18. Rfc1 Bf8 19. e4 dxe4 20. Bxe4 Nf6 21. Bg2 Nd5
22. Bxd5 exd5 23. Ne5 Rec8 24. Qf4 Qe6 25. Rc6 Qe8 26. h4 Rxc6 27. Rxc6 Bc8 28.
Bc1 Be6 29. Be3 a4 30. Rb6 axb3 31. axb3 Ra3 32. Nd3 Rxb3 33. Nc5 Rb1+ 34. Kh2
Bf5 35. Rb8 Qe7 36. Bd2 b3 37. Qe3 Qxe3 38. Bxe3 Kg7 39. Rxb3 Rxb3 40. Nxb3 Kf6
41. Kg2 Ke6 42. Kf3 Kd6 43. g4 Bc2 44. Nd2 Bd1+ 45. Kg3 Kc6 46. Bf4 Kb5 47. Nf1
Bb3 48. Be5 Be7 49. g5 Kc6 50. Ne3 Kd7 1/2-1/2

[Event "TCh-TUR Super League 2018"]
[Site "Ankara TUR"]
[Date "2018.08.01"]
[Round "8.1.2"]
[White "Ivic, Velimir"]
[Black "Baryshpolets, Andrey"]
[Result "1/2-1/2"]
[WhiteTitle "IM"]
[BlackTitle "GM"]
[WhiteElo "2432"]
[BlackElo "2603"]
[WhiteTeam "GOKCEADA SPOR KULUBU"]
[BlackTeam "KARAMAN BELEDIYE SPOR KULUBU"]
[WhiteFideId "950122"]
[BlackFideId "14117207"]
[EventDate "2018.07.25"]

1. e4 e5 2. Nf3 Nc6 3. Bb5 a6 4. Ba4 Nf6 5. O-O Be7 6. d3 d6 7. c3 O-O 8. Re1
Bg4 9. h3 Bh5 10. Nbd2 Nd7 11. Nf1 Nc5 12. Bc2 Ne6 13. Ng3 Bxf3 14. Qxf3 Bg5 15.
Bb3 Bxc1 16. Raxc1 g6 17. Rcd1 Qg5 18. Qg4 Qf6 19. Ne2 Kh8 20. Rf1 h5 21. Qg3 g5
22. Qe3 Nf4 23. Ng3 Ne7 24. d4 Rad8 25. Rd2 Rg8 26. dxe5 dxe5 27. Rxd8 Rxd8 28.
Rd1 Rxd1+ 29. Bxd1 h4 30. Nf1 Qd6 31. Bc2 Kg7 32. Kh2 f6 33. g3 hxg3+ 34. fxg3
Ne6 35. Qe2 Qb6 36. b4 a5 37. a3 axb4 38. axb4 c5 39. b5 c4 40. Ne3 Qxb5 41.
Qxc4 Qb6 42. Qe2 Nc5 43. Qc4 Qd6 44. Qe2 Qc6 45. Qf3 Qb5 46. h4 gxh4 47. gxh4
Ne6 48. Qg4+ Kf7 49. Ng2 Ng6 50. Qd1 Kg7 51. Qg4 Kf7 52. Qd1 Ke7 53. h5 Ngf4 54.
Ne3 Qb6 55. Nf5+ Ke8 56. Ba4+ Kf8 57. Qd2 Ng5 58. Qd6+ Qxd6 59. Nxd6 Nxh5 60.
Bc2 Nf3+ 61. Kh3 Nd2 62. Kg4 Nf4 63. Nxb7 Ng2 64. Bd3 Ke7 65. Nc5 Kd6 66. Nb7+
Kc6 67. Nd8+ Kd7 68. Nb7 Ne1 69. Be2 Ke7 70. Nc5 Nc2 71. Bd3 Ne1 72. Be2 Kd6 73.
Nd3 Nc2 74. Kf5 Ke7 75. Nxe5 Ne3+ 76. Kf4 Ng2+ 77. Kg3 fxe5 78. Kxg2 Nxe4 1/2-1/2

[Event "TCh-TUR Super League 2018"]
[Site "Ankara TUR"]
[Date "2018.08.01"]
[Round "8.1.5"]
[White "Mammadzada, Gunay"]
[Black "Injac, Teodora"]
[Result "1-0"]
[WhiteTitle "IM"]
[BlackTitle "WIM"]
[WhiteElo "2426"]
[BlackElo "2302"]
[WhiteTeam "KARAMAN BELEDIYE SPOR KULUBU"]
[BlackTeam "GOKCEADA SPOR KULUBU"]
[WhiteFideId "13403729"]
[BlackFideId "932400"]
[EventDate "2018.07.25"]

1. e4 e6 2. d4 d5 3. Nd2 Be7 4. Bd3 c5 5. dxc5 Nf6 6. Qe2 O-O 7. Ngf3 a5 8. c3
Na6 9. e5 Nd7 10. h4 Qc7 11. Nb3 Naxc5 12. Nxc5 Nxc5 13. Bc2 b6 14. Bg5 Ba6 15.
Qe3 Rac8 16. Rh3 f5 17. exf6 Bxf6 18. O-O-O b5 19. Bf4 Qb6 20. Ng5 b4 21. Nxh7
bxc3 22. Nxf6+ Rxf6 23. bxc3 Bc4 24. Rg3 Nd7 25. Be5 Rf7 26. Qxb6 Nxb6 27. Bd4
Nd7 28. Re1 e5 29. Bxe5 Nxe5 30. Rxe5 Rxf2 31. Re7 Rf1+ 32. Kd2 Rf2+ 33. Kc1
Rf1+ 34. Bd1 Rf7 35. Rxf7 Kxf7 36. Bb3 Kf6 37. Kd2 Bxb3 38. axb3 Rb8 39. Kc2 Rh8
40. Rg4 g6 41. Ra4 Ke6 42. g3 Rf8 43. Rxa5 Rf3 44. Ra6+ Kf7 45. Rd6 Rxg3 46.
Rxd5 Rh3 47. Rd4 Ke6 48. b4 1-0

[Event "TCh-TUR Super League 2018"]
[Site "Ankara TUR"]
[Date "2018.08.01"]
[Round "8.1.8"]
[White "Keskin, Elif"]
[Black "Onur, Cigdem"]
[Result "0-1"]
[WhiteTitle "WCM"]
[WhiteElo "1719"]
[BlackElo "1750"]
[WhiteTeam "GOKCEADA SPOR KULUBU"]
[BlackTeam "KARAMAN BELEDIYE SPOR KULUBU"]
[WhiteFideId "6391494"]
[BlackFideId "6346030"]
[EventDate "2018.07.25"]

1. d4 d5 2. Nf3 Nf6 3. e3 e6 4. Bd3 c5 5. O-O Nc6 6. c3 Bd6 7. Nbd2 O-O 8. Qe2
e5 9. dxe5 Nxe5 10. Nxe5 Bxe5 11. Nf3 Bc7 12. h3 Re8 13. Qc2 Ne4 14. c4 Qd6 15.
Rd1 Qg6 16. Kh1 Qh5 17. Bxe4 dxe4 18. Ng1 Be6 19. Qe2 Qxe2 20. Nxe2 Bxc4 21. Nc3
Rad8 22. Bd2 b6 23. Rac1 Ba6 24. a4 Be5 25. b3 f5 26. g4 fxg4 27. hxg4 Bc8 28.
Be1 Bxg4 29. Rd2 Bf3+ 30. Kg1 Rxd2 31. Bxd2 Re6 32. Kf1 Rh6 0-1

[Event "TCh-TUR Super League 2018"]
[Site "Ankara TUR"]
[Date "2018.08.01"]
[Round "8.2.1"]
[White "Rakhmanov, Aleksandr"]
[Black "Ali Marandi, Cemil Can"]
[Result "1-0"]
[WhiteTitle "GM"]
[BlackTitle "GM"]
[WhiteElo "2627"]
[BlackElo "2540"]
[WhiteTeam "ROTA KOLEJI SPOR KULUBU DERNEGI"]
[BlackTeam "BURSA BUYUKSEHIR BELEDIYESPOR KULUBU"]
[WhiteFideId "4173708"]
[BlackFideId "6300529"]
[EventDate "2018.07.25"]

1. d4 d5 2. c4 c6 3. cxd5 cxd5 4. Nf3 Nf6 5. Nc3 Nc6 6. Bf4 Bf5 7. e3 e6 8. Qb3
Bb4 9. Ne5 Qb6 10. Nxc6 bxc6 11. Be2 Ne4 12. f3 Nxc3 13. bxc3 Be7 14. c4 Qxb3
15. axb3 c5 16. cxd5 exd5 17. Bb5+ Bd7 18. Ba6 O-O 19. Bb7 Rae8 20. Be5 Bg5 21.
Kf2 f6 22. Bf4 Bxf4 23. exf4 cxd4 24. Rxa7 Kh8 25. Re1 Rd8 26. Re7 Bf5 27. g4
Bc2 28. b4 h5 29. Bc6 hxg4 30. fxg4 d3 31. Ke3 Rd6 32. b5 Rb8 33. Kd2 d4 34. h4
f5 35. g5 Rxc6 36. bxc6 Rb1 37. Re1 Rb2 38. g6 Bb1+ 39. Kc1 d2+ 40. Kxb2 dxe1=Q
41. Ra8+ 1-0

[Event "TCh-TUR Super League 2018"]
[Site "Ankara TUR"]
[Date "2018.08.01"]
[Round "8.2.2"]
[White "Haznedaroglu, Kivanc"]
[Black "Tukhaev, Adam"]
[Result "0-1"]
[WhiteTitle "GM"]
[BlackTitle "GM"]
[WhiteElo "2472"]
[BlackElo "2542"]
[WhiteTeam "BURSA BUYUKSEHIR BELEDIYESPOR KULUBU"]
[BlackTeam "ROTA KOLEJI SPOR KULUBU DERNEGI"]
[WhiteFideId "6300634"]
[BlackFideId "14109476"]
[EventDate "2018.07.25"]

1. c4 g6 2. Nc3 Bg7 3. g3 c5 4. Bg2 Nc6 5. Nf3 e5 6. a3 Nge7 7. d3 O-O 8. O-O d6
9. Rb1 a5 10. Ne1 Be6 11. Nd5 Ra7 12. Nc2 a4 13. Bg5 f6 14. Bd2 b5 15. Nce3 Nd4
16. Bc3 bxc4 17. dxc4 Nec6 18. Nc2 Qd7 19. e3 Nb3 20. Qe2 Rb8 21. Rbd1 f5 22.
Rfe1 Qf7 23. f3 Ne7 24. Nxe7+ Qxe7 25. Qd3 Rd7 26. Na1 Qf7 27. Bf1 Nxa1 28. Rxa1
Rb3 29. e4 f4 30. Rad1 h5 31. Rd2 Bh6 32. Rg2 Kh7 33. Rd1 Bf8 34. Qe2 Be7 35.
Rd5 h4 36. gxh4 Bxh4 37. Qd2 Be7 38. Bd3 Rb8 39. Bc2 Ra8 40. Qd1 g5 41. Bxe5
Bxd5 42. exd5+ Kh6 43. Bc3 Bf6 44. Re2 Bxc3 45. Re6+ Bf6 46. Qd3 Re8 47. h4 Rxe6
48. dxe6 Bd4+ 49. Qxd4 cxd4 50. exf7 Rxf7 51. hxg5+ Kxg5 52. Bxa4 Rb7 53. b3 d3
54. Kf2 Re7 55. b4 d2 56. b5 Re1 57. b6 d1=Q 58. Bxd1 Rxd1 59. a4 Ra1 60. a5
Rxa5 61. b7 Ra2+ 0-1

[Event "TCh-TUR Super League 2018"]
[Site "Ankara TUR"]
[Date "2018.08.01"]
[Round "8.3.1"]
[White "Zubov, Alexander"]
[Black "Jakovenko, Dmitry"]
[Result "1/2-1/2"]
[WhiteTitle "GM"]
[BlackTitle "GM"]
[WhiteElo "2611"]
[BlackElo "2749"]
[WhiteTeam "DARUSSAFAKA SPOR KULUBU"]
[BlackTeam "HATAY BUYUKSEHIR BELEDIYESI GENCLIK SPOR KULUBU"]
[WhiteFideId "14109409"]
[BlackFideId "4122356"]
[EventDate "2018.07.25"]

1. e4 e5 2. Nf3 Nc6 3. Bb5 a6 4. Ba4 Nf6 5. Bxc6 dxc6 6. d3 Nd7 7. O-O Bd6 8.
Nc3 O-O 9. Be3 Re8 10. Nd2 b5 11. a4 Rb8 12. Ba7 Rb7 13. Be3 Rb8 14. Ba7 Rb7 15.
Be3 c5 16. Nb3 c6 17. axb5 axb5 18. Qd2 Qe7 19. Ne2 Nb6 20. f4 exf4 21. Bxf4 Rc7
22. Bxd6 Qxd6 23. Qf4 Qxf4 24. Rxf4 c4 25. Nc5 Nd7 26. Nxd7 Bxd7 27. Kf2 cxd3
28. cxd3 c5 29. Nc3 Rb7 30. Ke3 c4 31. dxc4 bxc4 32. Rd1 1/2-1/2

[Event "TCh-TUR Super League 2018"]
[Site "Ankara TUR"]
[Date "2018.08.01"]
[Round "8.3.2"]
[White "Yilmaz, Mustafa"]
[Black "Zeydan, Salih"]
[Result "1-0"]
[WhiteTitle "GM"]
[WhiteElo "2624"]
[BlackElo "2061"]
[WhiteTeam "HATAY BUYUKSEHIR BELEDIYESI GENCLIK SPOR KULUBU"]
[BlackTeam "DARUSSAFAKA SPOR KULUBU"]
[WhiteFideId "6302718"]
[BlackFideId "6361722"]
[EventDate "2018.07.25"]

1. d4 Nf6 2. c4 e6 3. Nf3 Bb4+ 4. Bd2 a5 5. Nc3 b6 6. e3 O-O 7. Bd3 Bb7 8. Qc2
d5 9. cxd5 exd5 10. O-O Nbd7 11. Rac1 c5 12. dxc5 Nxc5 13. Rfd1 Nxd3 14. Qxd3
Ne4 15. Be1 Rc8 16. Nd4 Qf6 17. f3 Nd6 18. Na4 Bc5 19. Nb3 Nc4 20. Nbxc5 bxc5
21. Bc3 Qg5 22. Re1 Rfe8 23. e4 dxe4 24. fxe4 Bxe4 25. Qg3 Qxg3 26. hxg3 Nd6 27.
Rcd1 Nf5 28. Nxc5 Bc6 29. Bxa5 h5 30. Kf2 Rxe1 31. Bxe1 Bxg2 32. b4 Bc6 33. a4
Nh6 34. Ke2 Ng4 35. Kd2 Kf8 36. Ra1 Ke7 37. Kc3 g5 38. Kb2 Ne3 39. b5 Bf3 40.
Rc1 Nd5 41. Bf2 Ra8 42. Kb3 f5 43. Re1+ Kf7 44. Nd7 Be4 45. b6 Nxb6 46. Nxb6 Rh8
47. Nc4 Bd5 48. Kb4 h4 49. gxh4 gxh4 50. Nd6+ Kg6 51. Rg1+ Kh5 52. Be3 Rg8 53.
Rxg8 Bxg8 54. Nxf5 h3 55. Bg1 Kg5 56. Ne7 Bh7 57. Bh2 Kf6 58. Nc6 Be4 59. Kc5
Ke6 60. a5 Kd7 61. Nb8+ Kc8 62. a6 Bd3 63. Kb6 Be4 64. a7 Ba8 65. Na6 1-0